| Tag |
First Indicator |
Second Indicator |
Subfields |
| LEADER |
00000cam a2200000Ia 4500 |
| 001 |
in00003244313 |
| 005 |
20151204205345.0 |
| 008 |
130501s2011 be a b 101 0 eng d |
| 020 |
|
|
|a 9789066051881
|
| 020 |
|
|
|a 9066051884
|
| 035 |
|
|
|a (OCoLC)ocn841369595
|
| 035 |
|
|
|a (OCoLC)841369595
|
| 040 |
|
|
|a VXG
|c VXG
|d NTE
|d OCLCO
|d TXA
|d UtOrBLW
|
| 049 |
|
|
|a TXAM
|
| 090 |
|
|
|a SB354.6.B28
|b B35 2011
|
| 111 |
2 |
|
|a Balkan Symposium on Fruit Growing
|n (2nd :
|d 2011 :
|c Pitesti, Romania)
|
| 245 |
1 |
0 |
|a Proceedings of the IInd Balkan Symposium on Fruit Growing :
|b Pitesti, Romania, September 5-7, 2011 /
|c convener: M. Coman ; [editors]: M. Coman, E. Chitu ; ISHS Section Nuts and Mediterranean Climate Fruits.
|
| 246 |
1 |
4 |
|a Proceedings of the Second Balkan Symposium on Fruit Growing
|
| 246 |
1 |
8 |
|a Second Balkan Symposium on Fruit Growing
|
| 246 |
3 |
|
|a Balkan Symposium on Fruit Growing
|
| 264 |
|
1 |
|a Leuven :
|b ISHS,
|c 2013.
|
| 300 |
|
|
|a 2 volumes (760) pages :
|b illustrations ;
|c 24 cm.
|
| 336 |
|
|
|a text
|b txt
|2 rdacontent
|
| 337 |
|
|
|a unmediated
|b n
|2 rdamedia
|
| 338 |
|
|
|a volume
|b nc
|2 rdacarrier
|
| 490 |
1 |
|
|a Acta horticulturae,
|x 0567-7572 ;
|v 981
|
| 500 |
|
|
|a "March 2013."
|
| 504 |
|
|
|a Includes bibliographical references and author index.
|
| 530 |
|
|
|a Also available online.
|
| 650 |
|
0 |
|a Fruit-culture
|z Balkan Peninsula
|v Congresses.
|
| 700 |
1 |
|
|a Coman, M.
|q (Mihail)
|
| 710 |
2 |
|
|a International Society for Horticultural Science.
|b Section Nuts and Mediterranean Climate Fruits.
|
| 830 |
|
0 |
|a Acta horticulturae ;
|v 981.
|
| 948 |
|
|
|a cataloged
|b h
|c 2013/5/6
|d c
|e jolivare
|f 12:12:53 pm
|
| 994 |
|
|
|a C0
|b TXA
|
| 999 |
|
|
|a MARS
|
| 999 |
f |
f |
|s b5c4a545-b084-3862-aaa7-b05712ab71aa
|i 10a0d46a-6481-3f50-8011-c7f04cba5aff
|t 0
|
| 952 |
f |
f |
|p ric
|a Texas A&M University
|b Rellis Campus
|c Joint Library Facility
|d Remote Storage
|t 0
|e SB354.6.B28 B35 2011
|h Library of Congress classification
|i unmediated -- volume
|k v.2
|m A14841847180
|
| 952 |
f |
f |
|p ric
|a Texas A&M University
|b Rellis Campus
|c Joint Library Facility
|d Remote Storage
|t 0
|e SB354.6.B28 B35 2011
|h Library of Congress classification
|i unmediated -- volume
|k v.1
|m A14841847065
|
| 998 |
f |
f |
|a SB354.6.B28 B35 2011
|s v.1-2
|t 0
|l Remote Storage
|